| 000 | 00739nam a22001937a 4500 | ||
|---|---|---|---|
| 999 |
_c19356 _d19356 |
||
| 003 | AR-CdUCM | ||
| 008 | 190517b ||||| |||| 00| 0 spa d | ||
| 040 |
_aMUNICIPALIDAD PROVINCIAL DEL CUSCO _cBIBLIOTECA MUNICIPAL DEL CUSCO |
||
| 082 |
_a378.5 / _bA32 |
||
| 100 |
_aAjuriaguerra, J. de. _940647 |
||
| 245 | _aLa elección terapéutica en psiquiatría infantil / | ||
| 260 |
_bMasson, _aEspaña : _c1970. |
||
| 300 |
_a142 páginas ; _c25 cm. |
||
| 505 | _aContenido : Neurolepticos -- Aspectos nosograficos de la psiquiatría infantil -- La quimioterapia en el sen de la relación -- Farmacodinamia ... | ||
| 650 |
_aPsicología infantil. _97924 |
||
| 650 |
_aPsiquiatría. _96305 |
||
| 942 |
_2ddc _cLIBROS |
||
| 945 |
_arum _d2019-05-17 |
||